00660nji a22001937a 450000500170000000600190001700700150003600800410005102800220009203500130011404000130012710000190014024500920015926000210025130000950027250000170036750500450038465000370042920100907160546.0a|||||r|||||00| 0 sd ammalaaahaa100830t xxu||||| |||| 00| 0 eng d aDB.4667bColumbia aGR-01076 aSEDcSED aRichard, Cliff aNow's the time to fall in love /cby Cliff Richard and the Shadowsh[sound recording] : aIndia bColumbia a1 sound disc [Gramophone Recording]:banalog, 33 1/3 rpm c9.5 in. (MP)fGramophone Record aBrief Record aSide-2 (A girl like you) (Cliff Richard) aClassical MusiczIndiaxExcerpts